000 00367nam a2200145Ia 4500
008 230917s9999||||xx |||||||||||||| ||und||
040 _e138883
_aMAIN
041 _aEnglish
082 _a346.022 M289T
100 _aMajumdar, A.K
245 0 _aTaxmann's: Company law and practice
260 _aNew Delhi
_bTaxmannn Allied
_c2000
300 _a1038 p.
942 _cBK
999 _c103980
_d103980